000
00245nam a22001097a 4500
082
_a
808.3 FRI'T
100
_a
FRIZELL, BERNARD
_9
79017
245
_a
TIMETABLE FOR THE GENERAL
260
_a
LONDON
_b
FONTANA
_c
1972
300
_a
252P
942
_c
BK
999
_c
584088
_d
584088